000 00492pab a2200181 454500
008 180718b2005 xxu||||| |||| 00| 0 eng d
100 _aBenjamin, Dwayane
245 _aThe evolution of income inequality in rural China
260 _c2005
300 _ap.769-824.
362 _aJul
650 _aIncome distribution - China
650 _aIncome distribution
700 _aGiles, John
700 _aBrandt, Loren
773 _aEconomic Development and Cultural Change
909 _a66815
999 _c66815
_d66815